000 00224nam a22000857a 4500
008 161130b xxu||||| |||| 00| 0 eng d
100 _91624
_aRamchandran,K
245 _aComposite Mathematics-I
260 _aNew Delhi
_bN.D-Arya
_c2007
999 _c4337
_d4337